|
|
|
|
| LEADER |
00000nam0a2200000 4500 |
| 001 |
20212 |
| 005 |
20231030192001.0 |
| 010 |
|
|
|a 5628005045
|
| 035 |
|
|
|a (RuTPU)RU\TPU\book\20390
|
| 035 |
|
|
|a BOOK00020460
|
| 090 |
|
|
|a 20212
|
| 100 |
|
|
|a 20011209d1990 k y0rusy50 ca
|
| 101 |
0 |
|
|a rus
|
| 102 |
|
|
|a kz
|
| 105 |
|
|
|a y z 000zb
|
| 200 |
1 |
|
|a Негативная диалектика
|a Два образа критической теории Т. В. Адорно
|f Г. Г. Соловьева
|
| 210 |
|
|
|a Алма-Ата
|c Гылым
|d 1990
|
| 215 |
|
|
|a 192 с.
|
| 600 |
|
1 |
|a Адорно (Визенгрунд-Адорно)
|g Теодор Визенгрунд
|b Т. В.
|f 1903 - 1969
|c немецкий философ, социолог, музыковед
|2 stltpui
|3 (RuTPU)RU\TPU\pers\554
|
| 610 |
1 |
|
|a философия
|
| 610 |
1 |
|
|a немецкая философия
|
| 610 |
1 |
|
|a 20 век
|
| 610 |
1 |
|
|a негативная диалектика
|
| 686 |
|
|
|a Ю3(4Г)6
|v LBC/SL-A
|2 rubbk
|
| 700 |
|
1 |
|a Соловьева
|b Г. Г.
|g Грета Георгиевна
|
| 801 |
|
0 |
|a RU
|b 63413507
|c 20011209
|g PSBO
|
| 801 |
|
2 |
|a RU
|b 63413507
|c 20200527
|g PSBO
|
| 942 |
|
|
|c BK
|